00574nam a22001817a 450000500170000001000140001702000260003103500130005703700130007008200110008310000250009424500920011926000470021127000460025830000250030450000400032970000230036920100730151430.0 aENG-97482 a9788184502589c990.00 aEN-81015 bDBAD/PUB a488.07 aPrusty, Pramod Kumar aCreative method of teaching english / cby Pramod Kumar Prusty [and] Jagannath Mohanty  aNew DelhibDeep and Deep Publicationc2010 aF-129, Rajouri Garden bNew Delhie110027 axii, 250pc23cm (Hb) aIncludes bibliographical refrences  aMohanty, Jagannath